My Hero Academia quirk to character - Statistics

General Stats
  • This quiz has been taken 1,910 times
  • The average score is 15 of 20
Answer Stats
Quirk Character % Correct
Explosion Katsuki Bakugo
98%
Half cold Half hot Shoto Todoroki
96%
One for all Izuku Midoriya
90%
Zero Gravity Ochaco Uraraka
83%
Electrification Denki Kaminari
82%
Hardening Eijiro Kirishima
81%
Engine Tenya Iida
80%
Acid Mina Ashido
79%
Pop-off Minoru Mineta
78%
Frog Tsuyu Asui
78%
Dark Shadow Fumikage Tokoyami
77%
Earphone Jack Kyoka Jiro
76%
Tape Hanta Sero
75%
Navel Laser Yuga Aoyama
73%
Anivoice Koji Koda
66%
Tail Mashirao Ojiro
66%
Sugar rush Rikido Sato
66%
Creation Momo Yaoyorozu
64%
Dupli-arms Meso Shoji
63%
Invisibility Toru Hagakure
61%
No matching quizzes found
Score Distribution
Percent of People with Each Score
Percentile by Number Answered
Your Score History
You have not taken this quiz